Mangal Pandey (Record no. 34402)

MARC details
000 -LEADER
fixed length control field 03164nam a22004577a 4500
003 - CONTROL NUMBER IDENTIFIER
control field dpl
005 - DATE AND TIME OF LATEST TRANSACTION
control field 20100304144422.0
007 - PHYSICAL DESCRIPTION FIXED FIELD--GENERAL INFORMATION
fixed length control field DVD
008 - FIXED-LENGTH DATA ELEMENTS--GENERAL INFORMATION
fixed length control field 080925t xxu||||| |||| 00| 0 eng d
010 ## - LIBRARY OF CONGRESS CONTROL NUMBER
LC control number DVD-005943-5950 & DVD-006378
024 ## - OTHER STANDARD IDENTIFIER
Standard number or code YRD 60167
Terms of availability 149.00
035 ## - SYSTEM CONTROL NUMBER
System control number DVD-005943-5950
035 ## - SYSTEM CONTROL NUMBER
System control number DVD-006378
040 ## - CATALOGING SOURCE
Original cataloging agency DVD
Transcribing agency DPL
082 ## - DEWEY DECIMAL CLASSIFICATION NUMBER
Classification number DVD MANG
245 ## - TITLE STATEMENT
Title Mangal Pandey
Statement of responsibility, etc Ketan Mehta Film Presents
Medium [videorecording] DVD/
260 ## - PUBLICATION, DISTRIBUTION, ETC. (IMPRINT)
Place of publication, distribution, etc Mumbai
Name of publisher, distributor, etc Yash Raj Films Pvt. Ltd.,
300 ## - PHYSICAL DESCRIPTION
Extent 2 Videodisc DVD;
Other physical details sd., col.;
Dimensions 4 3/4 in.
Type of unit DVD
440 ## - SERIES STATEMENT/ADDED ENTRY--TITLE
Title Yash Raj Films
500 ## - GENERAL NOTE
General note Disc-1 Feature Film<br/>Disc-2 Special Features
538 ## - SYSTEM DETAILS NOTE
System details note Anamorphic Widescreen Presentation 16.9; Aspect Ratio 2.35:1; Optional Subtitles in 7 languages;Int. English/Arabic/Spanish/Dutch/Portugese Ind: Tamil/Malaylam ; Dolby Digital Sound, 5.1; Optional Stereo Soun d
650 ## - SUBJECT ADDED ENTRY--TOPICAL TERM
Topical term or geographic name as entry element Motion Picture
700 ## - ADDED ENTRY--PERSONAL NAME
Personal name Mehta, Ketan
700 ## - ADDED ENTRY--PERSONAL NAME
Personal name Bedi, Bobby
700 ## - ADDED ENTRY--PERSONAL NAME
Personal name Sahi, Deepa
700 ## - ADDED ENTRY--PERSONAL NAME
Personal name Rehman, A.R.
700 ## - ADDED ENTRY--PERSONAL NAME
Personal name Akhtar, Javed
700 ## - ADDED ENTRY--PERSONAL NAME
Personal name Dhamija, Himman
942 ## - ADDED ENTRY ELEMENTS (KOHA)
Source of classification or shelving scheme Dewey Decimal Classification
Koha item type CD-ROMs, DVDs, VHS
Classification part DVD
Call number suffix MANG
Holdings
Withdrawn status Lost status Source of classification or shelving scheme Damaged status Not for loan Home library Current library Date acquired Source of acquisition Cost, normal purchase price Total Checkouts Full call number Barcode Date last seen Date checked out Copy number Cost, replacement price Price effective from Koha item type
    Dewey Decimal Classification     Central Library Central Library 04/03/2010 Pioneers/1003/28-11-09/325/13-10-09 /30-11-09 149.00 25 DVD MANG DVD-005943 12/06/2014 29/05/2014 1 149.00 04/03/2010 CD-ROMs, DVDs, VHS
    Dewey Decimal Classification     Janak Puri Janak Puri 11/03/2010 Pioneers/1099/25-12-09/325/13-10-09 /30-12-09 149.00 21 DVD MANG DVD-006378 05/04/2013 02/04/2013 1 149.00 11/03/2010 CD-ROMs, DVDs, VHS
    Dewey Decimal Classification     Karol Bagh Karol Bagh 04/03/2010 Pioneers/1003/28-11-09/325/13-10-09 /30-11-09 149.00 7 DVD MANG DVD-005948 28/04/2014 20/04/2014 1 149.00 04/03/2010 CD-ROMs, DVDs, VHS
    Dewey Decimal Classification     Narela Narela 04/03/2010 Pioneers/1003/28-11-09/325/13-10-09 /30-11-09 149.00 9 DVD MANG DVD-005949 03/09/2012 26/08/2012 1 149.00 04/03/2010 CD-ROMs, DVDs, VHS
    Dewey Decimal Classification     Patel Nagar Patel Nagar 04/03/2010 Pioneers/1003/28-11-09/325/13-10-09 /30-11-09 149.00 13 DVD MANG DVD-005944 26/02/2014 09/09/2013 1 149.00 04/03/2010 CD-ROMs, DVDs, VHS
    Dewey Decimal Classification     R.K.Puram-8 R.K.Puram-8 04/03/2010 Pioneers/1003/28-11-09/325/13-10-09 /30-11-09 149.00 3 DVD MANG DVD-005946 01/12/2011 19/11/2011 1 149.00 04/03/2010 CD-ROMs, DVDs, VHS
    Dewey Decimal Classification     Sarojini Nagar Sarojini Nagar 04/03/2010 Pioneers/1003/28-11-09/325/13-10-09 /30-11-09 149.00 14 DVD MANG DVD-005945 29/05/2012 29/05/2012 1 149.00 04/03/2010 CD-ROMs, DVDs, VHS
    Dewey Decimal Classification     Shahdara Branch Shahdara Branch 04/03/2010 Pioneers/1003/28-11-09/325/13-10-09 /30-11-09 149.00   DVD MANG DVD-005950 04/03/2010   1 149.00 04/03/2010 CD-ROMs, DVDs, VHS
    Dewey Decimal Classification     Vinoba Puri Vinoba Puri 04/03/2010 Pioneers/1003/28-11-09/325/13-10-09 /30-11-09 149.00 11 DVD MANG DVD-005947 25/03/2017 14/01/2017 1 149.00 04/03/2010 CD-ROMs, DVDs, VHS

© Delhi Public Library
Hit Counter
free hit counter